000 00639nam a2200193Ia 4500
003 GCL
008 140319s9999 xx 000 0 ara d
040 _aGCL /
_cGCL
082 0 4 _a219.3
_bع ل
100 1 _aعبدالسميع سالم الهوراى
245 1 0 _aلغة الادارة العامة فى صدر الاسلام /
_cعبدالسميع سالم الهوراى
260 _a[S.N] :
_bالهيئة المصرية العامة للكتاب ،
_c1986
300 _a570
490 _a
650 0 4 _aالاسلام
650 0 4 _aالاسلام والاصلاح السياسى
650 0 4 _aالدولة
942 _2ddc
_cBK
999 _c54092
_d54092